| 000 | 00522pab a2200169 454500 | ||
|---|---|---|---|
| 008 | 180718b1985 xxu||||| |||| 00| 0 eng d | ||
| 100 | _aAnderson, Dennis | ||
| 245 |
_aFinancing small - scale industry and agriculture in developing countries _bThe merits and limitations of commercial policies |
||
| 260 | _c1985 | ||
| 300 | _a349-71 | ||
| 362 | _aJan. | ||
| 650 | _aIndustry, Small Scale - Finance | ||
| 700 | _aFarida Khambata | ||
| 773 | _aEconomic Development and Cultural Change | ||
| 908 | _aN | ||
| 909 | _a10725 | ||
| 999 |
_c10725 _d10725 |
||